[Event "Hastings Masters 2016-17"]
[Site "Hastings ENG"]
[Date "2017.01.05"]
[Round "9.20"]
[White "Vaishali, R"]
[Black "Marzano, Carlo"]
[Result "1-0"]
[WhiteTitle "WIM"]
[WhiteElo "2254"]
[BlackElo "2186"]
[WhiteFideId "5091756"]
[BlackFideId "802980"]
[EventDate "2016.12.28"]

1. Nf3 Nf6 2. g3 g6 3. b3 Bg7 4. Bb2 d6 5. d4 c5 6. Bg2 cxd4 7. Bxd4 Nc6 8. Bb2
d5 9. O-O O-O 10. Nbd2 Bf5 11. c4 dxc4 12. Nxc4 Be4 13. Qc1 Qc7 14. Qe3 Bd5 15.
Rac1 Rac8 16. Bh3 e6 17. Nfe5 Qb8 18. Nxc6 Bxc6 19. Be5 Qa8 20. Qd4 Rfd8 21. Qb2
Ne8 22. Bxg7 Nxg7 23. Ne5 h5 24. Nxc6 bxc6 25. Bg2 Nf5 26. Rc5 Ne7 27. Rfc1 Qb7
28. b4 Qb6 29. a3 Qa6 30. Bf1 Qb6 31. e4 Rb8 32. Qf6 Rb7 33. Bc4 Rbd7 34. Rc3
Rf8 35. Bxe6 Rd1+ 36. Kg2 Qd8 37. Bb3 Rb1 38. Rf3 Qd7 39. Bxf7+ Kh7 40. Bxg6+
Nxg6 41. Rxh5+ Kg8 42. Qxg6+ 1-0

[Event "Hastings Masters 2016-17"]
[Site "Hastings ENG"]
[Date "2017.01.05"]
[Round "9.21"]
[White "Eames, Robert S"]
[Black "Hill, Alistair"]
[Result "1-0"]
[WhiteTitle "FM"]
[WhiteElo "2187"]
[BlackElo "2237"]
[WhiteFideId "408743"]
[BlackFideId "432407"]
[EventDate "2016.12.28"]

1. e4 e6 2. d4 d5 3. Nc3 Nf6 4. Bg5 dxe4 5. Nxe4 Be7 6. Bxf6 gxf6 7. Bc4 a6 8.
Nf3 b5 9. Bb3 f5 10. Ng3 c5 11. c3 Bb7 12. Qe2 c4 13. Bc2 Nd7 14. O-O h5 15.
Rfe1 Kf8 16. a4 h4 17. Nf1 h3 18. g3 Bd6 19. N1d2 Nf6 20. Ne5 Bc7 21. f3 Nd5 22.
axb5 axb5 23. Rxa8 Bxa8 24. Nxf7 Kxf7 25. Qxe6+ Kg7 26. Qxf5 Rh6 27. Qg4+ Kf8
28. Bg6 Bc6 29. Ne4 Qe7 30. Kf2 Nf6 31. Nxf6 Qxf6 32. Re6 Bxg3+ 33. Kxg3 1-0

[Event "Hastings Masters 2016-17"]
[Site "Hastings ENG"]
[Date "2017.01.05"]
[Round "9.22"]
[White "Prosviriakov, Vladimir"]
[Black "Wilbrandt, Simon Pil"]
[Result "1-0"]
[WhiteTitle "IM"]
[WhiteElo "2236"]
[BlackElo "2180"]
[WhiteFideId "2004860"]
[BlackFideId "1436988"]
[EventDate "2016.12.28"]

1. e4 c5 2. Nc3 Nc6 3. f4 g6 4. Nf3 Bg7 5. d3 d6 6. Be2 Rb8 7. O-O b5 8. Qe1 e6
9. f5 b4 10. Nd1 exf5 11. Ne3 fxe4 12. dxe4 Be6 13. Ng5 Ne5 14. Nxe6 fxe6 15.
Ng4 Nxg4 16. Bxg4 Qe7 17. a3 Bd4+ 18. Kh1 Nf6 19. Bg5 h6 20. Bxf6 Bxf6 21. e5
Bxe5 22. Qe4 Rg8 23. axb4 cxb4 24. Qc4 Rg7 25. Bxe6 Qc7 26. Qg4 Bxb2 27. Rae1
Be5 28. Bd5 Qd7 29. Qf3 Qe7 30. Bc6+ Kd8 31. Qd5 Rb6 32. Ba4 Qb7 33. Rxe5 Qa6
34. Re8+ Kc7 35. Qf7+ Rxf7 36. Rxf7# 1-0

[Event "Hastings Masters 2016-17"]
[Site "Hastings ENG"]
[Date "2017.01.05"]
[Round "9.23"]
[White "Healey, Michael W"]
[Black "Snape, Ian L"]
[Result "1-0"]
[WhiteElo "2173"]
[BlackElo "2222"]
[WhiteFideId "410012"]
[BlackFideId "404489"]
[EventDate "2016.12.28"]

1. e4 c5 2. Nf3 d6 3. d4 Nf6 4. dxc5 Nxe4 5. cxd6 Nc6 6. Na3 Nxd6 7. Bf4 Bg4 8.
Be2 Qa5+ 9. Nd2 e5 10. Bxg4 exf4 11. O-O Be7 12. Ndc4 Qd8 13. Nxd6+ Bxd6 14.
Re1+ Be7 15. Nc4 O-O 16. Bd7 Nb8 17. Ba4 Qc7 18. c3 Bf6 19. Nd6 Nc6 20. Ne4 Be5
21. Qh5 g6 22. Qh4 Kg7 23. g3 Ne7 24. Rad1 Nf5 25. Qh3 Rad8 26. Rxd8 Rxd8 27.
Bb3 h6 28. Qf1 a6 29. Qe2 fxg3 30. Nxg3 Bxg3 31. hxg3 b5 32. Qf3 Rd2 33. Re8 Nd6
34. Qe3 Nxe8 35. Qxd2 Nd6 36. Qd4+ Kh7 37. a4 Qe7 38. axb5 axb5 39. Kg2 h5 40.
Qf4 Kg7 41. Bc2 f5 42. Bd3 Kh7 43. Qd4 Qb7+ 44. Kg1 Qc6 45. Bf1 Ne4 46. Kh2 Ng5
47. Qa7+ Kh8 48. Qb8+ Kh7 49. Qxb5 Nf3+ 50. Kh1 Qa8 51. Qa6 Qe4 52. Bg2 h4 53.
Qa7+ Kg8 54. Qb8+ Kh7 55. Qc7+ Kg8 56. Qd8+ Kf7 57. Qd1 hxg3 58. fxg3 Qe1+ 59.
Qxe1 Nxe1 60. b4 Nd3 61. Bf1 Nf2+ 62. Kg2 Ne4 63. c4 Ke6 64. Bd3 Nf6 65. Kf3 Ke5
66. Ke3 Nh5 67. b5 Nxg3 68. b6 Kd6 69. c5+ Kc6 70. Kf4 Nh5+ 71. Ke5 Ng3 72. Bb5+
Kb7 73. Bc4 g5 74. Bd5+ Ka6 75. Be6 Kb7 76. Bxf5 Ne2 77. Be4+ Kb8 78. c6 Ng3 79.
Bd3 1-0

[Event "Hastings Masters 2016-17"]
[Site "Hastings ENG"]
[Date "2017.01.05"]
[Round "9.24"]
[White "Britton, Richard L"]
[Black "Taylor, Adam C"]
[Result "1/2-1/2"]
[WhiteTitle "FM"]
[BlackTitle "FM"]
[WhiteElo "2139"]
[BlackElo "2212"]
[WhiteFideId "401692"]
[BlackFideId "424668"]
[EventDate "2016.12.28"]

1. e4 e5 2. Nf3 Nc6 3. Bb5 a6 4. Ba4 Nge7 5. d3 g6 6. c3 Bg7 7. Nbd2 O-O 8. Qe2
b5 9. Bb3 Na5 10. Bc2 c5 11. O-O Bb7 12. Re1 d5 13. Nf1 d4 14. h4 Nec6 15. h5
Rc8 16. Bd2 c4 17. Rad1 Qb6 18. Nh4 Rfd8 19. Bg5 Rd7 20. Qg4 Rcc7 21. Bc1 Kh8
22. Qh3 Kg8 23. Qg4 Bc8 24. Qf3 cxd3 25. Bxd3 Nc4 26. b3 Nd6 27. cxd4 Nxd4 28.
Qg3 Bb7 29. h6 Bf6 30. Bg5 Ne8 31. Be3 Rc3 32. Nf5 Qc7 33. Nxd4 exd4 34. Bf4 Qd8
35. e5 Bh4 36. Qg4 Nc7 37. g3 Rxd3 38. Rxd3 Be7 39. e6 Nxe6 40. Rxe6 fxe6 41.
Qxe6+ Kf8 42. Be5 Bd5 43. Bg7+ Ke8 44. Qxa6 Qb8 45. Qa5 Ba8 46. a4 bxa4 47. Qxa4
Qb7 48. f3 Qc6 49. Qxc6 Bxc6 50. Kg2 Bc5 51. Nd2 Bb5 52. Nc4 Ke7 53. Rd1 Bxc4
54. bxc4 Kd6 55. f4 Bb6 56. Rb1 Kc6 57. Kf3 d3 58. Bc3 Kc5 59. Bd2 Bd8 60. Rc1
Bf6 61. Be3+ Bd4 62. g4 Re7 63. Bd2 Re2 64. Rd1 Kxc4 65. f5 gxf5 66. gxf5 Rf2+
67. Ke4 Re2+ 68. Kf3 Kd5 69. Be1 Re3+ 70. Kf4 Re4+ 71. Kf3 Re5 72. Bg3 Rxf5+ 73.
Kg4 Rf6 74. Rxd3 Ke4 75. Rd1 Rg6+ 76. Kh3 Rxh6+ 77. Kg2 Rg6 78. Rh1 h6 79. Rh4+
Ke3 80. Kh3 Bf6 1/2-1/2

[Event "Hastings Masters 2016-17"]
[Site "Hastings ENG"]
[Date "2017.01.05"]
[Round "9.25"]
[White "Scott, Gordon W"]
[Black "Forster, Matthew"]
[Result "1-0"]
[WhiteElo "2198"]
[BlackElo "1813"]
[WhiteFideId "419559"]
[BlackFideId "437123"]
[EventDate "2016.12.28"]

1. d4 Nf6 2. c4 c5 3. Nf3 cxd4 4. Nxd4 Nc6 5. g3 g6 6. Bg2 Bg7 7. O-O O-O 8. Nc3
Qb6 9. Nb3 Rd8 10. c5 Qa6 11. Bg5 d6 12. cxd6 Rxd6 13. Qc1 b6 14. Bf4 Re6 15.
Nd4 Nxd4 16. Bxa8 Rxe2 17. Be3 Ng4 18. Bxd4 Bxd4 19. Nxe2 Qxe2 20. Qxc8+ Kg7 21.
Bg2 Bxf2+ 22. Rxf2 Qxf2+ 23. Kh1 Qxb2 24. Rc1 Qe2 25. Qc2 Qe6 26. h3 Nf6 27. Kh2
h5 28. Qc4 Qe3 29. Rc2 g5 30. Re2 Qa3 31. Qb3 Qd6 32. Qe3 g4 33. Qxe7 Qd1 34.
Re1 Qd2 35. Qe3 Qa5 36. Qe5 Qd2 37. Rf1 Qh6 38. h4 1-0

[Event "Hastings Masters 2016-17"]
[Site "Hastings ENG"]
[Date "2017.01.05"]
[Round "9.26"]
[White "Boardman, Jeffrey"]
[Black "Ramsdal, Jens Albert"]
[Result "0-1"]
[WhiteElo "1984"]
[BlackElo "2190"]
[WhiteFideId "4301382"]
[BlackFideId "1429221"]
[EventDate "2016.12.28"]

1. e4 c5 2. Nc3 Nc6 3. Bb5 Nd4 4. Bd3 g6 5. Nf3 Bg7 6. O-O d6 7. Nxd4 cxd4 8.
Ne2 e6 9. b3 Ne7 10. Bb5+ Nc6 11. Bb2 Qb6 12. Bxc6+ bxc6 13. c4 O-O 14. d3 a5
15. Qc2 c5 16. Rab1 Bd7 17. Bc1 Bc6 18. Bf4 Rfd8 19. Bg3 Rd7 20. Bf4 Bf8 21. a4
Rb7 22. f3 Rab8 23. Qa2 Qd8 24. Rb2 Be7 25. Nc1 Bg5 26. Bxg5 Qxg5 27. Rbf2 Rf8
28. Qd2 Qxd2 29. Rxd2 Kg7 30. g4 f6 31. h3 Rbf7 32. Kh2 f5 33. Kg3 fxe4 34. dxe4
Bxe4 35. Rdf2 Bc6 36. f4 e5 37. fxe5 dxe5 38. Nd3 Rxf2 39. Rxf2 Rxf2 40. Kxf2 e4
41. Nxc5 Kf6 42. Na6 Ke5 43. Nc7 e3+ 44. Ke2 Ke4 45. Nb5 d3+ 46. Kf1 Ke5 47. Nc3
Bf3 48. b4 d2 0-1

[Event "Hastings Masters 2016-17"]
[Site "Hastings ENG"]
[Date "2017.01.05"]
[Round "9.27"]
[White "Spice, Alan"]
[Black "Press, Harry"]
[Result "1-0"]
[WhiteElo "2081"]
[BlackElo "1826"]
[WhiteFideId "1800744"]
[BlackFideId "3215539"]
[EventDate "2016.12.28"]

1. Nc3 e5 2. Nf3 Nc6 3. d4 exd4 4. Nxd4 Nf6 5. Bg5 Bb4 6. Nxc6 bxc6 7. Qd4 c5 8.
Qe5+ Qe7 9. Bxf6 gxf6 10. Qxc7 Qe5 11. Qxe5+ fxe5 12. e4 Bxc3+ 13. bxc3 Rb8 14.
Bc4 Bb7 15. f3 Rg8 16. Kf2 Rg6 17. Rhb1 Rb6 18. a4 Bc6 19. Rb3 Rxb3 20. cxb3 a5
21. Ke3 Ke7 22. Kd3 f5 23. Ke3 Rf8 24. Rd1 d6 25. g3 fxe4 26. fxe4 Bd7 27. Rf1
Rxf1 28. Bxf1 Be6 29. Bc4 Bg4 30. Bd5 Kd7 31. Kd2 Kc7 32. Kc2 Bf3 33. Kd3 Kb6
34. Ke3 Bg4 35. h4 h6 36. Bc4 Kc7 37. Be2 Be6 38. Bd1 Kd7 39. Kd3 Kc6 40. Kc2
Bg8 41. Bf3 Bh7 42. Kd2 Bg8 43. Bd1 Kd7 44. g4 Ke7 45. Kc1 Kd8 46. Kb2 Kc7 47.
Ka3 Bh7 48. Bf3 d5 49. exd5 e4 50. Be2 Kd6 51. b4 cxb4+ 52. cxb4 Kxd5 53. bxa5
Kd4 54. a6 Bg8 55. Kb4 Bd5 56. a7 Ke3 57. Kc5 Ba8 58. g5 hxg5 59. hxg5 Kxe2 60.
g6 Kd2 61. g7 e3 62. g8=Q e2 63. Qxa8 1-0

[Event "Hastings Masters 2016-17"]
[Site "Hastings ENG"]
[Date "2017.01.05"]
[Round "9.28"]
[White "Hand, Freddie"]
[Black "Vangsgaard, Freja"]
[Result "1/2-1/2"]
[BlackTitle "WFM"]
[WhiteElo "2205"]
[BlackElo "1975"]
[WhiteFideId "436950"]
[BlackFideId "1436589"]
[EventDate "2016.12.28"]

1. d4 Nf6 2. c4 e6 3. Nc3 Bb4 4. e3 c5 5. Ne2 d5 6. a3 Bxc3+ 7. Nxc3 cxd4 8.
exd4 dxc4 9. Bxc4 Nc6 10. Be3 O-O 11. O-O b6 12. Qf3 Bb7 13. Bd3 Qd7 14. Qh3 Ne7
15. Bg5 Ng6 16. Bxf6 gxf6 17. Rad1 Rad8 18. Be4 Bxe4 19. Nxe4 Kg7 20. Qf3 Qe7
21. Nc3 Rd7 22. d5 Rfd8 23. dxe6 Rxd1 24. Rxd1 Rxd1+ 25. Qxd1 fxe6 26. h3 Qc5
27. Qd7+ Qe7 28. Qa4 Qc7 29. Qa6 Ne7 30. Qb5 Qc6 31. Qe2 Kf7 32. Qh5+ Kg7 33.
Qe2 Kf7 34. Qa6 Qc7 35. Qd3 Kg7 36. Qe4 Qc6 37. Qg4+ Kf7 38. Qh5+ Kg7 39. Qg4+
Kf7 40. Qh4 Kg7 41. Qg3+ Kf7 42. Qb8 Nc8 43. Qf4 Kg7 44. Ne4 e5 45. Qg4+ Kf7 46.
Qh5+ Kg7 47. Qg4+ Kf7 48. Qh5+ Kg7 49. Qg4+ Kf7 1/2-1/2

[Event "Hastings Masters 2016-17"]
[Site "Hastings ENG"]
[Date "2017.01.05"]
[Round "9.29"]
[White "Byron, Alan M"]
[Black "Miller, Dominic"]
[Result "0-1"]
[WhiteElo "2131"]
[BlackElo "1954"]
[WhiteFideId "401773"]
[BlackFideId "438065"]
[EventDate "2016.12.28"]

1. c4 c5 2. Nf3 g6 3. d4 cxd4 4. Nxd4 Bg7 5. e4 Nc6 6. Be3 Nf6 7. Nc3 O-O 8. Be2
d6 9. O-O Bd7 10. Qd2 Ng4 11. Bxg4 Bxg4 12. f3 Bd7 13. Rad1 Ne5 14. b3 Re8 15.
Kh1 Qa5 16. Nde2 Rac8 17. Nd5 Qxd2 18. Rxd2 b6 19. Bg5 Nc6 20. h3 h6 21. Be3 Be6
22. Rfd1 Kf8 23. Ndf4 Bd7 24. h4 Nd8 25. g4 Ne6 26. Nd5 Nc7 27. Bd4 Nxd5 28.
exd5 Bxd4 29. Nxd4 Rc5 30. a4 a6 31. Nc2 b5 32. cxb5 axb5 33. a5 Ra8 34. b4 Rc4
35. Rb1 h5 36. Ne3 Rf4 37. Kg2 hxg4 38. fxg4 Bxg4 39. Kg3 Rf3+ 40. Kxg4 Rxe3 41.
Rc2 Re4+ 42. Kg3 Rd4 43. Rc7 Rxd5 44. Re1 e6 45. Rf1 Rf5 46. Rxf5 gxf5 47. Rb7
d5 48. Kf4 Kg7 49. Ke5 Rd8 50. a6 d4 51. a7 d3 52. Rb8 Rd5+ 53. Kf4 d2 54. a8=Q
d1=Q 55. Rg8+ Kf6 56. Rg6+ Ke7 57. Qa7+ Rd7 58. Qc5+ Qd6+ 59. Qxd6+ Rxd6 60. Rh6
Rd4+ 61. Kg3 Rxb4 62. h5 Rg4+ 0-1

[Event "Hastings Masters 2016-17"]
[Site "Hastings ENG"]
[Date "2017.01.05"]
[Round "9.30"]
[White "Rice, Chris B"]
[Black "Rayner, Francis"]
[Result "1/2-1/2"]
[WhiteElo "2002"]
[BlackElo "2080"]
[WhiteFideId "404446"]
[BlackFideId "1800132"]
[EventDate "2016.12.28"]

1. c4 e5 2. Nc3 Nc6 3. g3 d6 4. Bg2 Be6 5. Nd5 Nge7 6. d3 Qd7 7. e3 Nd8 8. Ne2
c6 9. Ndc3 Bh3 10. Bxh3 Qxh3 11. Ng1 Qd7 12. Qf3 Ne6 13. Bd2 d5 14. cxd5 cxd5
15. Nge2 Nc5 16. Nc1 Rd8 17. O-O e4 18. Qe2 Nc6 19. d4 Ne6 20. f4 f5 21. Qf2 Be7
22. N3e2 O-O 23. Nb3 Rc8 24. Rfc1 b6 25. a3 a5 26. Rab1 Na7 27. Nc3 Rc4 28. Be1
Bf6 29. Ne2 Rfc8 30. Rxc4 Rxc4 31. Bc3 Nb5 32. Nd2 Rc6 33. Qe1 Be7 34. a4 Na7
35. Qd1 Nc7 36. b3 Na6 37. Rc1 Ba3 38. Ra1 Be7 39. Rc1 Qc8 40. Bb2 Nb4 41. Rxc6
Naxc6 42. Nc1 Qa6 43. Nb1 Na7 44. Qd2 Qc8 45. Kf2 b5 46. Qc3 Qd7 47. axb5 Nxb5
48. Qd2 Qc6 49. Nc3 Nc7 50. N3a2 Kf7 51. Bc3 Nca6 52. Qe2 g6 53. h3 Ke6 54. Ke1
a4 55. bxa4 Qxa4 56. Nxb4 Nxb4 57. Qb2 Nc2+ 58. Kf2 Na3 59. Qb3 Qa6 60. Bb4 Bxb4
61. Qxb4 Nc4 62. Qf8 Qb7 63. Qg8+ Kd6 64. Qf8+ Kc6 65. Qc5+ Kd7 66. Ne2 Nb2 67.
Nc1 Nd3+ 68. Nxd3 exd3 69. Kf3 Qb3 70. Qa7+ Ke6 71. Qa6+ Kf7 72. Qa7+ Kf6 73.
Qa6+ Kg7 74. Qa7+ Kh6 75. Qe7 Qd1+ 76. Kg2 Qe2+ 77. Kg1 d2 78. Qg5+ Kg7 79. Qe7+
Kh6 1/2-1/2

[Event "Hastings Masters 2016-17"]
[Site "Hastings ENG"]
[Date "2017.01.05"]
[Round "9.31"]
[White "Willson, Ollie"]
[Black "Norinkeviciute, Rasa"]
[Result "1/2-1/2"]
[BlackTitle "WFM"]
[WhiteElo "2060"]
[BlackElo "1994"]
[WhiteFideId "424714"]
[BlackFideId "12801925"]
[EventDate "2016.12.28"]

1. d4 Nf6 2. c4 e6 3. Nf3 Bb4+ 4. Bd2 Qe7 5. g3 b6 6. Bg2 Bb7 7. O-O O-O 8. Nc3
d6 9. b3 Nbd7 10. a3 Bxc3 11. Bxc3 Be4 12. Ne1 Bxg2 13. Nxg2 Ne4 14. Bb2 d5 15.
a4 Rfd8 16. Ba3 c5 17. Qc2 Rac8 18. Rac1 Qe8 19. dxc5 Ndxc5 20. cxd5 exd5 21.
Qb2 Nf6 22. Nf4 Ne6 23. Nd3 Ng5 24. Qe5 Ne6 25. Rxc8 1/2-1/2

[Event "Hastings Masters 2016-17"]
[Site "Hastings ENG"]
[Date "2017.01.05"]
[Round "9.32"]
[White "Punnett, Alan K"]
[Black "Burrows, Martin P"]
[Result "0-1"]
[WhiteElo "2047"]
[BlackElo "2124"]
[WhiteFideId "405400"]
[BlackFideId "409057"]
[EventDate "2016.12.28"]

1. d4 Nf6 2. c4 e6 3. g3 d5 4. Bg2 dxc4 5. Nf3 Nc6 6. O-O Rb8 7. a4 a6 8. Nc3
Be7 9. e4 O-O 10. Be3 b5 11. axb5 axb5 12. h3 b4 13. e5 bxc3 14. exf6 Bxf6 15.
bxc3 e5 16. dxe5 Nxe5 17. Nxe5 Bxe5 18. Bc5 Bd6 19. Qd4 Be6 20. Bxd6 Qxd6 21.
Rfd1 Rfd8 22. Qxd6 cxd6 23. Bd5 Rb3 24. Rac1 Rb5 25. Bc6 Rc5 26. Bg2 d5 27. f4
Ra5 28. Kf2 Ra2+ 29. Kf3 Bf5 30. Bf1 Re8 31. Re1 Be4+ 32. Ke3 f5 33. Kd4 Kf7 34.
Ra1 Rea8 35. Rxa2 Rxa2 36. Re2 Ra1 37. Bg2 Rd1+ 38. Ke5 Rd3 39. Bxe4 fxe4 40. g4
Rxc3 41. Kxd5 Rxh3 42. Kxc4 Rh4 43. Rg2 h5 44. gxh5 Rxf4 45. Kd4 Rh4 46. Re2 Kf6
47. Rg2 Rxh5 48. Kxe4 Re5+ 49. Kf4 Rf5+ 50. Ke4 Rf1 51. Rg3 g6 52. Rg2 g5 53.
Rg3 Kg6 54. Rh3 g4 55. Rh8 Kg5 56. Ke3 g3 57. Ke2 Rf7 58. Rg8+ Kh4 59. Rh8+ Kg4
60. Rh6 g2 61. Rg6+ Kh3 62. Rh6+ Kg3 63. Rg6+ Kh2 64. Rh6+ Kg1 65. Ra6 Rh7 66.
Kf3 Kh1 0-1

[Event "Hastings Masters 2016-17"]
[Site "Hastings ENG"]
[Date "2017.01.05"]
[Round "9.33"]
[White "Dilleigh, Stephen P"]
[Black "Trevelyan, John"]
[Result "1/2-1/2"]
[WhiteElo "2038"]
[BlackElo "2082"]
[WhiteFideId "408379"]
[BlackFideId "1800922"]
[EventDate "2016.12.28"]

1. Nf3 Nc6 2. d4 d6 3. e4 e5 4. dxe5 Nxe5 5. Nxe5 dxe5 6. Qxd8+ Kxd8 7. Bc4 f6
8. Be3 Bb4+ 9. Nd2 Ba5 10. Ke2 Bb6 11. Rhd1 Bxe3 12. Kxe3 Nh6 13. f3 Ke7 14. Bb3
Bd7 15. Nb1 Rhd8 16. Nc3 c6 17. Rd2 Be8 18. Rad1 Rxd2 19. Rxd2 Nf7 20. Ne2 Ng5
21. c3 Ne6 22. Nc1 Nc5 23. Bd1 g5 24. Nd3 Ne6 25. g3 Bf7 26. Bb3 a5 27. Bxe6
Bxe6 28. Nc5 Bc8 29. h4 h6 30. hxg5 hxg5 31. f4 exf4+ 32. gxf4 b6 33. Nd3 Be6
34. fxg5 fxg5 35. Ne5 c5 36. Nc6+ Kf7 37. Nd8+ Ke7 38. Nc6+ Kf7 39. Nd8+ 1/2-1/2

[Event "Hastings Masters 2016-17"]
[Site "Hastings ENG"]
[Date "2017.01.05"]
[Round "9.34"]
[White "Sugden, John N"]
[Black "Spanton, Tim R"]
[Result "1-0"]
[WhiteElo "2071"]
[BlackElo "1976"]
[WhiteFideId "402001"]
[BlackFideId "404802"]
[EventDate "2016.12.28"]

1. d4 d5 2. c4 e6 3. Nc3 Nf6 4. Bg5 c5 5. e3 cxd4 6. exd4 Bb4 7. Qb3 Nc6 8. Nf3
O-O 9. Be2 h6 10. Be3 dxc4 11. Qxc4 Bd7 12. O-O Rc8 13. Qb3 Qe7 14. a3 Bd6 15.
Rfd1 Rfd8 16. h3 e5 17. dxe5 Nxe5 18. Nb5 Bb8 19. Nxa7 Nxf3+ 20. Bxf3 Qe5 21.
Nxc8 Rxc8 22. g3 Qf5 23. Bg2 Be6 24. Qxb7 Be5 25. Bd4 Bb8 26. Bc3 Qc5 27. Qf3
Bb3 28. Rd2 Ba4 29. Bxf6 gxf6 30. Qxf6 Bxg3 31. Qd4 1-0

[Event "Hastings Masters 2016-17"]
[Site "Hastings ENG"]
[Date "2017.01.05"]
[Round "9.35"]
[White "Krueger, Norbert"]
[Black "Sikkel, Dirk"]
[Result "1/2-1/2"]
[WhiteElo "2046"]
[BlackElo "1956"]
[WhiteFideId "4633245"]
[BlackFideId "1050079"]
[EventDate "2016.12.28"]

1. e4 g6 2. d4 Bg7 3. Nc3 d6 4. Be3 a6 5. Qd2 b5 6. h4 Nf6 7. f3 h5 8. O-O-O c6
9. Kb1 Qc7 10. Nh3 Bxh3 11. Rxh3 Nbd7 12. Bg5 Nb6 13. Qe1 Nfd7 14. g4 Nc4 15.
Bxc4 bxc4 16. Qe2 Nb6 17. Be3 Rb8 18. f4 Qb7 19. Bc1 c5 20. dxc5 hxg4 21. Qxg4
Bxc3 22. cxb6 Bxb2 23. Be3 Ba3 24. Bd4 Bc5 25. Bxh8 e5 26. fxe5 Qxb6+ 27. Rb3
cxb3 28. axb3 Bd4 29. e6 Bxh8 30. exf7+ Kf8 31. Qxg6 Bg7 32. Rxd6 Qb5 33. Rd1
Qe5 34. Qd6+ Qxd6 35. Rxd6 Kxf7 36. Rxa6 Rh8 37. Ra4 Rxh4 38. Ka2 Rh1 39. b4
Ra1+ 40. Kb3 Rb1+ 41. Kc4 Ke6 42. Kc5 Bf8+ 43. Kb5 Ke5 44. c4 Kxe4 45. c5 1/2-1/2

[Event "Hastings Masters 2016-17"]
[Site "Hastings ENG"]
[Date "2017.01.05"]
[Round "9.36"]
[White "Ruane, Brendan J"]
[Black "Pickersgill, Adrian O"]
[Result "1-0"]
[WhiteElo "1867"]
[BlackElo "1985"]
[WhiteFideId "430218"]
[BlackFideId "404519"]
[EventDate "2016.12.28"]

1. e4 d6 2. d4 Nf6 3. Nc3 c6 4. Nf3 Bg4 5. h3 Bh5 6. g4 Bg6 7. Qe2 e6 8. h4 h5
9. g5 Nfd7 10. Bd2 Be7 11. O-O-O d5 12. Bg2 O-O 13. Ng1 dxe4 14. Nh3 Bd6 15.
Bxe4 Qa5 16. Bxg6 1-0

[Event "Hastings Masters 2016-17"]
[Site "Hastings ENG"]
[Date "2017.01.05"]
[Round "9.37"]
[White "Wilson, Matthew R"]
[Black "Larsen, Andreas"]
[Result "1/2-1/2"]
[WhiteElo "1791"]
[BlackElo "1976"]
[WhiteFideId "423459"]
[BlackFideId "1504843"]
[EventDate "2016.12.28"]

1. e4 c6 2. d4 d5 3. exd5 cxd5 4. Bd3 Nc6 5. c3 Nf6 6. Bf4 g6 7. Nf3 Bf5 8. Bxf5
gxf5 9. Ne5 e6 10. Nd2 Nxe5 11. Bxe5 Be7 12. O-O Rg8 13. Qf3 Qd7 14. a4 Ng4 15.
Bg3 Bd6 16. Rfe1 Bxg3 17. hxg3 Kf8 18. Qf4 Rg6 19. Nf3 Kg8 20. b3 Rc8 21. Rec1
b5 22. axb5 Qxb5 23. b4 Qc6 24. Ra5 Nf6 25. Rc5 Qb7 26. Ne5 Rg7 27. Nd3 Rg4 28.
Rxc8+ Qxc8 29. Qe5 Nd7 30. Qd6 Qc4 31. Qxd7 Qxd3 32. Ra1 Qxc3 33. Rxa7 Qc1+ 34.
Kh2 Qh6+ 35. Kg1 Qc1+ 1/2-1/2

[Event "Hastings Masters 2016-17"]
[Site "Hastings ENG"]
[Date "2017.01.05"]
[Round "9.38"]
[White "Macrae, James S"]
[Black "Gunn, Michael J"]
[Result "1-0"]
[WhiteElo "1642"]
[BlackElo "1671"]
[WhiteFideId "2401797"]
[BlackFideId "409030"]
[EventDate "2016.12.28"]

1. b3 Nf6 2. Bb2 e6 3. e3 c5 4. c4 Nc6 5. Nf3 d6 6. Be2 e5 7. d3 g6 8. Nc3 Ne7
9. Qc2 Bg7 10. O-O O-O 11. Rfd1 Bf5 12. Nh4 Be6 13. d4 exd4 14. exd4 cxd4 15.
Nb5 Nc6 16. Nxd4 Nb4 17. Qb1 d5 18. Nxe6 fxe6 19. Nf3 Nh5 20. Bxg7 Nxg7 21. a3
Nc6 22. cxd5 exd5 23. Rxd5 Qf6 24. Bc4 Kh8 25. Ra2 Rad8 26. Rad2 Rxd5 27. Rxd5
Nf5 28. Qe1 Nd6 29. Bd3 Re8 1-0

[Event "Hastings Masters 2016-17"]
[Site "Hastings ENG"]
[Date "2017.01.05"]
[Round "9.39"]
[White "Raddatz, Michael"]
[Black "Dean, Michael J"]
[Result "1-0"]
[WhiteElo "2028"]
[BlackElo "1515"]
[WhiteFideId "4613252"]
[BlackFideId "416100"]
[EventDate "2016.12.28"]

1. e4 e5 2. Nf3 Nc6 3. Bb5 a6 4. Bxc6 dxc6 5. O-O Bg4 6. h3 Bxf3 7. Qxf3 Qf6 8.
Qg3 Bd6 9. d4 Qg6 10. Qxg6 hxg6 11. dxe5 Bxe5 12. Nd2 O-O-O 13. Nf3 Bd6 14. Bd2
f6 15. Bc3 Ne7 16. Rad1 Bc5 17. Rfe1 g5 18. Kf1 Bb6 19. e5 Nd5 20. Bd2 g4 21.
hxg4 Rh1+ 22. Ke2 Rxe1+ 23. Rxe1 fxe5 24. Nxe5 Bd4 25. Nd3 Re8+ 26. Kd1 Rxe1+
27. Kxe1 Nf6 28. f3 Kd7 29. Ke2 Ke6 30. Nf4+ Kd7 31. c3 Bb6 32. Nh5 Nxh5 33.
gxh5 Ke6 34. Kd3 Bc5 35. Ke4 Bd6 36. g4 Kf7 37. Kf5 Be7 38. Bf4 Bd8 39. Be5 c5
40. g5 c6 41. g6+ Kg8 42. c4 a5 43. Ke6 a4 44. f4 Bh4 45. f5 Bf2 46. h6 Bd4 47.
h7+ Kh8 48. Bxd4 cxd4 49. Kf7 d3 50. f6 gxf6 51. g7+ 1-0

[Event "Hastings Masters 2016-17"]
[Site "Hastings ENG"]
[Date "2017.01.05"]
[Round "9.40"]
[White "Witt, Holger"]
[Black "Batchelor, Paul A"]
[Result "0-1"]
[WhiteElo "1628"]
[BlackElo "1965"]
[WhiteFideId "24678139"]
[BlackFideId "404225"]
[EventDate "2016.12.28"]

1. c4 g6 2. g3 Bg7 3. Bg2 d6 4. Nc3 Nf6 5. d3 O-O 6. Nf3 e5 7. O-O Nc6 8. a3 a5
9. Rb1 h6 10. b4 axb4 11. axb4 Be6 12. Nd2 Qd7 13. Re1 Bh3 14. Bh1 Rab8 15. b5
Ne7 16. Nb3 Ng4 17. Qc2 f5 18. Nd5 g5 19. Nxe7+ Qxe7 20. Bd5+ Kh8 21. Bb2 f4 22.
Bf3 fxg3 23. hxg3 Qf7 24. Nd2 Rbe8 25. Ne4 b6 26. Ra1 Nf6 27. e3 Bf5 28. Ra7 g4
29. Bg2 Nxe4 30. Bxe4 Bxe4 31. dxe4 Re7 32. Rea1 Ree8 33. Ba3 Qd7 34. Bb4 Bf6
35. Qd2 Bd8 36. Qd5 Rf6 37. Be1 Ref8 38. R1a2 Qe7 39. R2a6 Qe8 40. Qb7 Qf7 41.
Qd5 Rxf2 42. Qxf7 R2xf7 43. Ra1 Rf3 44. R7a3 Bg5 45. Kg2 Bxe3 46. Ra8 Bd4 47.
Rxf8+ Rxf8 48. Ra7 Rc8 49. Bd2 h5 50. Bh6 Kh7 51. Bg5 Kg6 52. Bh4 Kf7 53. Kf1
Ke8 54. Ke2 Kd7 55. Kd2 Rf8 56. Ke2 Rf2+ 57. Kd1 Rf3 58. Ra8 Rd3+ 59. Ke2 Re3+
60. Kd2 Rxe4 61. Rh8 Re3 62. Rxh5 Rc3 63. Rh7+ Kc8 64. Rh8+ Kb7 65. Rg8 Rxc4 66.
Kd3 Rb4 67. Rxg4 Rxb5 68. Rg8 Rb3+ 69. Ke2 Re3+ 70. Kd1 b5 71. Rf8 b4 72. Rf7 b3
73. Bd8 b2 74. Rxc7+ Kb8 75. Kc2 Re2+ 0-1